Textual Relations in Qur'an (E-BOOK) (Record no. 192722)

000 -LEADER
fixed length control field 00338 a2200121 4500
003 - CONTROL NUMBER IDENTIFIER
control field Nust
005 - DATE AND TIME OF LATEST TRANSACTION
control field 20170207154043.0
035 ## - SYSTEM CONTROL NUMBER
System control number (SFX)1000000000359536
040 ## - CATALOGING SOURCE
Transcribing agency Nust
245 10 - TITLE STATEMENT
Title Textual Relations in Qur'an (E-BOOK)
Medium [Elektronisk resurs]
260 ## - PUBLICATION, DISTRIBUTION, ETC.
Place of publication, distribution, etc. Hoboken :
Name of publisher, distributor, etc. Taylor & Francis Ltd
Date of publication, distribution, etc. 2006
651 ## - SUBJECT ADDED ENTRY--GEOGRAPHIC NAME
Geographic name Textual Relations in Qur'an (E-BOOK)
942 ## - ADDED ENTRY ELEMENTS (KOHA)
Source of classification or shelving scheme
Koha item type Book
Holdings
Withdrawn status Lost status Source of classification or shelving scheme Damaged status Not for loan Collection code Permanent Location Current Location Date acquired Total Checkouts Full call number Barcode Date last seen Price effective from Koha item type
            Military College of Signals (MCS) Military College of Signals (MCS) 12/12/2016   297 AWA MCSEB-2352 12/08/2016 12/12/2016 Book
© 2023 Central Library, National University of Sciences and Technology. All Rights Reserved.